| 000 | 00495nam a2200193Ia 4500 | ||
|---|---|---|---|
| 008 | 180207s9999 xx 000 0 und d | ||
| 020 | _a9780545017152 | ||
| 050 | _bB531 2007 | ||
| 100 | _aBernthal, Mark S. | ||
| 245 | _aLet's go visit the school / | ||
| 245 | _cby Mark S. Bernthal ; photography by Dennis Full. | ||
| 260 | _aNew York : | ||
| 260 | _bScholastic, | ||
| 260 | _c2007 | ||
| 300 | _aunpaged : | ||
| 300 | _bcolor illustration ; | ||
| 300 | _c20cm. | ||
| 440 | _aBarney. | ||
| 999 |
_c355694 _d355694 |
||